000 00984nam a22002537a 4500
999 _c5659
_d5659
003 OSt
005 20251013123806.0
008 251013b ||||| |||| 00| 0 eng d
020 _a9781474915083
_qbook set
040 _cKH8
082 _aFIC PUN
100 _aPunter, Russell,
_eauthor.
245 _aStories of Robots /
_cRussell Punter ; illustrated by Andrew Hamilton.
260 _aEngland ;
_bUsborne Publishing Ltd ,
_c2006.
300 _a48 pages :
_bcolour illustrations ;
_c20 cm.
490 _aUsborne Young Reading
_vseries one
520 _aMachines cause mayhem in these hi-tech tales. The robot racers are in a fight to the finish line. Luke Lively's Tidybot is out of control. And mechanical muscle is used to rob a bank. Stand back and watch the sparks fly!
650 _aEasy reading
_vfiction
650 _aStory book
_vfiction
650 _aYoung readers
700 _aHamilton., Andrew,
_eillustrator.
830 _aUsborne Young Reading
942 _2ddc
_cFIC